000 00657nas a2200229 4500
001 BR7303076
003 BR-BrBNA
005 20231205082447.0
007 ta
008 230509b bl.|||p| |||| 00| 00por d
040 _aBR-BrBNA
_bpor
_cBiblioteca Nacional de Agricultura
041 _a(Pt)
072 _aH20
100 1 _aAnon.
245 1 _aComo preparar o tradicional fungicida que a ferrugem do cafeeiro faz recuperar prestigio
650 _aCAFE
650 _aFERRUGEM
650 _aFUNGICIDA
773 0 _tMundo Agricola (Brazil)
_x
_g(Oct 1973), v. 2(1) p. 33-34
_wBR7303076
909 _a202311
_bLúcia
_c55
_dLúcia Elande
942 _2AGRIS
_n0
_cANA
999 _c92006
_d92006